000 01573nam a2200397 i 4500
001 196388
003 ES-MaACL
005 20250813014538.0
007 ta
008 240923s1985 be fre
020 _a2870930151
035 _a(OCoLC)433335275
035 _a(SpMaBN)bimo0001523933
035 _a991000926299708606
040 _aSpMaBN
_bspa
_cA2
_dES-MaACL
080 _a929 Diderot, Denis (064.3)
080 _a008(44)"17":016(064.3)
245 0 0 _aDiderot et son temps /
_cétabli sous la direction de Roland Mortier et Michèle Mat ; introduction par Roland Mortier.
260 _aBruxelles :
_bBibliothèque Royale Albert Ier,
_c1985.
300 _a376 p. ;
_c26 cm
336 _2rdacontent
_atexto
337 _2rdamedia
_asin mediación
338 _2rdacarrier
_avolumen
490 1 _aCatalogues des Expositions organisées à la Bibliothèque Royale Albert Ier ;
_vC 202
600 1 4 _aDiderot, Denis,
_d1713-1784
_vExposiciones
_944511
651 0 _aFrancia-
_xCivilización-
_yS.XVIII-
_vBibliografías
_9238873
700 _aMortier, Roland
_9238874
700 0 _aMattelart, Michèle
_979115
830 _aCatalogues des Expositions organisées à la Bibliothèque Royale Albert Ier
_9239112
852 _aES-MaACL
_cDEPO1
_hDonación: José Manuel Duarte Cendán
_9204087
_jA-15427
903 _9238529
_aDuarte Cendán, José Manuel
_q1
_ednr
942 _n0
_cMONOGRAFIA
999 _c196388
_d196388